A leitura em voz alta (Registo nº 197816)

Detalhes MARC
000 -Etiqueta do registo
Valores 00642nam 22002173 4500
010 ## - Número ISBN
ISBN 972-771-323-8
021 ## - Número do Depósito Legal
Código do país Portugal
Número 153339/2000
100 ## - Dados gerais de processamento
Dados gerais 20250910d u||y0pory50 ba
200 ## - Titulo e menção de responsabilidade
Título próprio A leitura em voz alta
Primeira menção de responsabilidade Georges Jean
Outras menções de responsabilidade tradução Isabel Andrade
210 ## - Publicação
Local de publicação Lisboa
Nome do editor Instituto Piaget
Data de publicação D.L. 2000
215 ## - Descrição física 
Paginação / Volumes 203 p.
Outras indicações físicas brochado
Dimensões 24 cm
225 ## - Colecção 
Título próprio da colecção Horizontes pedagógicos
Número de parte ou secção 70
606 ## - Nome comum usado como assunto
ID Autoridade 1270
Palavra de ordem Biblioteconomia
Subdivisão assunto Bibliotecas
675 ## - CDU
Notação 02
Edição PT
Língua por
700 ## - Autor principal (pessoa individual)
ID Autoridade 5855
Apelido Jean
Nome Georges
Datas 1920-2011
702 ## - Autor secundário (pessoa individual)
ID Autoridade 10308
Apelido Andrade
Nome Isabel
801 ## - Fonte de origem
País PT
Agência BMMN
Regras de catalogação RPC
830 ## - Notas gerais do catalogador
Criado por Vanda
990 ## - Elementos KOHA
Tipo de documento Livro
Exemplares
Situação do levantamento Biblioteca de origem Código de barras Cota Permissão de empréstimo Tipo de documento Forma de aquisição
  Biblioteca Municipal de Montemor-o-Novo 25986 02 JEA|DEP   Livro Compra

Powered by Koha